LEADER 00756nam a2200193 i 4500 001 000000254487 003 CaOOAMICUS 005 20170607000000.0 008 170607s1849 it u000 u fre u 013 $a233392 040 $aSeMil$bita 245 10$aTome 3. 300 $a262 p. 773 0 $aCapefigue, Jean Baptiste Honoré Raymond <1801-1872>$tSociété et les gouvernements de l'Europe depuis la chute de Louis-Philippe jusq'a la présidence de Louis-Napoléon Bonaparte.$dBruxelles : Société typographique belge, 1849.$g3$w()33753 850 $aSeMil 852 $aSeMil$W1$xVenegono$y1$m3V I 249 FA$j204833$B204833$CSeMilBibl$Z2$F218364 $8I 941 1 $a10 961 $aRecupero: Mantegazza 996 $6245$aTome 3$9(OLS)http://semarc/title/1575 LEADER 01157nam a2200277 i 4500 001 000000245229 003 CaOOAMICUS 005 20150930000000.0 008 150930s1943 it u000 u ita u 013 $a224134 040 $aSeMil$bita 100 1 $aOlier, Jean-Jacques,$c.$0(OLS)http://semarc/name/11024 245 13$aIl direttore spirituale /$csecondo lo spirito di Giovanni Olier ; traduzione italiana [di] M. A. 260 $aMilano [etc.] :$bÀncora,$c1943. 300 $a157 p. ;$c16 cm. 490 0 $aCapolavori ascetici e mistici 500 $aFondo card. Giovanni Colombo. 600 14$aOlier, Jean-Jacques <1608-1657>.$0(OLS)http://semarc/subject/828 700 1 $aAndreoletti, Maurilio.$0(OLS)http://semarc/name/17883 830 0$aCapolavori ascetici e mistici.$0(OLS)http://semarc/title/6720 850 $aSeMil 852 $aSeMil$W1$xVenegono$y1$m3GC I 20/A$j242318$B195575$CSeMilBibl$Z2$F206258 $8B 941 1 $a3 961 $aLascito: Colombo Card. Giovanni 996 $6245$aIl direttore spirituale$9(OLS)http://semarc/title/288784 996 $6260$aMilano [etc.] :$bÀncora$9(OLS)http://semarc/publisher/32331